Punt de llibre de les biblioteques de l'Hospitalet de Llobregat
Descripción Física:
1 punt de llibre ; 20 x 5 cm
MARC
| LEADER | 00000nrm a2200000 a 4500 | ||
|---|---|---|---|
| 001 | 24514 | ||
| 008 | 160829s9999 xx 000 0 cat d | ||
| 080 | |a NBM-12-15 | ||
| 245 | |a Punt de llibre de les biblioteques de l'Hospitalet de Llobregat | ||
| 260 | |a [Barcelona] : |b Diputació de Barcelona: |b Ajuntament de l'Hospitalet, [s.a.] | ||
| 300 | |a 1 punt de llibre ; |c 20 x 5 cm | ||
| 650 | 0 | |a Biblioteques públiques |9 54954 |z Hospitalet de Llobregat (Catalunya) | |
| 655 | 0 | |a Punts de llibre |9 52700 | |
| 710 | 1 | |a Hospitalet de Llobregat (Catalunya). |b Ajuntament |9 52871 | |
| 710 | 1 | |a Barcelona (Catalunya : Província). |b Diputació |9 52408 | |
| 901 | |a Arxiu | ||
| 942 | |n 1 |2 udc | ||
| 952 | |0 0 |1 0 |4 0 |6 NBM1215 |7 1 |9 55205 |a Arxiu |b Arxiu |d 2016-12-01 |l 0 |o NBM-12-15 |p 24514 |r 2016-12-01 00:00:00 |w 2016-12-01 |y ARXIU | ||
| 999 | |c 59077 |d 59077 | ||